|
|
|
|
| LEADER |
00898nam a22002412a 4500 |
| 001 |
000278865 |
| 003 |
CZ BrMZK |
| 005 |
20110610094302.0 |
| 007 |
ta |
| 008 |
980105s1980 xo f slo d |
| 040 |
|
|
|a ABA001
|b cze
|c ABA001
|d BOA001
|
| 041 |
1 |
|
|a slo
|h rus
|
| 100 |
1 |
|
|a Gogol‘, Nikolaj Vasil‘jevič,
|d 1809-1852
|7 jn19990210244
|4 aut
|
| 245 |
1 |
0 |
|a Revízor :
|b komédia v piatich dejstvách /
|c Nikolaj Vasil'jevič Gogol' ; z ruského originálu preložila Dana Lehutová ; ilustroval Dušan Grečner
|
| 250 |
|
|
|a 1. vyd.
|
| 260 |
|
|
|a Bratislava :
|b Tatran,
|c 1980
|
| 300 |
|
|
|a 107 s. :
|b il. ;
|c 4°
|
| 490 |
1 |
|
|a Divadelná tvorba. Ilustrovaný rad ;
|v zv. 164
|
| 830 |
|
0 |
|a Divadelná tvorba.
|p Ilustrovaný rad
|
| 910 |
|
|
|a BOA001
|b 4-0826.630
|
| 990 |
|
|
|a BK
|
| 991 |
|
|
|b 200903
|f B-GOG
|
| 996 |
7 |
|
|b 2619885661
|c 4-0826.630
|l MZK
|r Sklad / do 1 hodiny
|n 65
|w 000278865
|u 000010
|a 1
|e BOA001
|j MZK50
|s A
|